JTOH - Tower descriptions #1 - Statistics

General Stats
  • This quiz has been taken 62 times
  • The average score is 15 of 16
Answer Stats
Description of a tower(s) Answer % Correct
Tutorial tower for the game ToAST
100%
Tower that bases each floor on an increasing difficulty ToDC
98%
Notorious Ring 2 tower that has its gameplay focused on traps ToT
98%
Baseline remorseless tower that is almost entirely purist ToTS
98%
Hardest tower in Ring 3 ToC
96%
Easiest intense tower in the game ToIE
96%
Forgotten Ridge's soul crushing tower ToMB
96%
Hardest citadel in the game/hardest remorseless CoWS
94%
The 2nd challenging in Ring 1 in terms of difficulty ToSP
94%
Soul crushing tower that has crossings of other towers in its ring TT
94%
Citadel, similar to SoP, where lava rises throughout the citadel CoP
92%
Ring 1 tower that ascends and descends ToK
92%
Ring 1 tower with a colour palette of yellow to red ToCH
90%
...which is argued to be easier than the Ring 1 challenging of? ToR
88%
The lowest rated soul-crushing tower in terms of difficulty ToDT
86%
The only tower in the Garden of Eeshöl ToPA
84%
No matching quizzes found
Score Distribution
Percent of People with Each Score
Percentile by Number Answered
Your Score History
You have not taken this quiz